[Event "BL 0203 (Women)"]
[Site "Germany"]
[Date "2002.10.12"]
[Round "1.5"]
[White "Just, Anita"]
[Black "Hegeler, Anja"]
[Result "0-1"]
[WhiteElo "2001"]
[BlackElo "2220"]
[PlyCount "112"]
[EventDate "2002.10.12"]
[EventType "team-tourn"]
[EventRounds "11"]
[EventCountry "GER"]
[SourceTitle "EXT 2003"]
[Source "ChessBase"]
[SourceDate "2002.11.25"]
[SourceVersion "1"]
[SourceVersionDate "2002.11.25"]
[SourceQuality "1"]
[WhiteTeam "Leipzig WBA (W)"]
[BlackTeam "Hamburg (W)"]
[WhiteTeamCountry "GER"]
[BlackTeamCountry "GER"]

1. e4 e6 2. d4 d5 3. Nc3 Nc6 4. Nf3 Nf6 5. e5 Ne4 6. Bd3 Bb4 7. Bd2 Nxd2 8. Qxd2 f6 9. exf6 Qxf6 10. 0-0 Bd7 11. Qe3 0-0-0 12. Ne2 Bd6 13. c4 dxc4 14. Bxc4 Kb8 15. a3 h6 16. b4 e5 17. d5 Ne7 18. Nc3 Nf5 19. Qd3 Nh4 20. Nxh4 Qxh4 21. Ne4 Bf5 22. Rfe1 Rhf8 23. Qg3 Qe7 24. Rac1 g5 25. Nxd6 cxd6 26. Bd3 Qf7 27. Bxf5 Qxf5 28. h3 Rc8 29. Qe3 Qf4 30. Rxc8+ Rxc8 31. Qd3 a6 32. Qg6 Qf8 33. Qd3 Qf7 34. Rd1 h5 35. Qe3 Qf4 36. Qb6 e4 37. Qd4 g4 38. g3 Qf3 39. h4 e3 40. Rf1 exf2+ 41. Qxf2 Qxd5 42. Qe3 Qc4 43. Rd1 Qc6 44. Qh6 Rd8 45. Qf6 Rd7 46. Qh8+ Ka7 47. Qd4+ b6 48. Qd5 Qc3 49. Rd3 Qe1+ 50. Kg2 Qe2+ 51. Kg1 Rc7 52. Rd1 Qe3+ 53. Kf1 Qxg3 54. Qxh5 Qf3+ 55. Ke1 Re7+ 56. Kd2 Re2+ 0-1

[Event "BL 0102 (Women)"]
[Site "Germany"]
[Date "2002.03.03"]
[Round "7.4"]
[White "Hegeler, Anja"]
[Black "Bakalarz, Grazyna"]
[Result "1/2-1/2"]
[WhiteElo "2239"]
[BlackElo "2126"]
[PlyCount "48"]
[EventDate "2001.10.27"]
[EventType "team-tourn"]
[EventRounds "11"]
[EventCountry "GER"]
[SourceTitle "EXT 2003"]
[Source "ChessBase"]
[SourceDate "2002.11.25"]
[SourceVersion "1"]
[SourceVersionDate "2002.11.25"]
[SourceQuality "1"]
[WhiteTeam "Hamburger SK"]
[BlackTeam "Holsterhausen"]
[WhiteTeamCountry "GER"]
[BlackTeamCountry "GER"]

1. e4 c5 2. Nf3 Nc6 3. d4 cxd4 4. Nxd4 Nf6 5. Nc3 e6 6. a3 Be7 7. f4 d5 8. e5 Nd7 9. Be3 Nxd4 10. Bxd4 0-0 11. Bd3 Bc5 12. Ne2 Bxd4 13. Nxd4 Qh4+ 14. g3 Qe7 15. Qf3 Nc5 16. 0-0 Bd7 17. Be2 Ne4 18. Qe3 Rac8 19. Rad1 Ba4 20. Bd3 Rfd8 21. b3 Be8 22. c4 Nc3 23. Rd2 dxc4 24. bxc4 Na4 1/2-1/2

[Event "BL2-Nord 9900"]
[Site "Germany"]
[Date "2000.03.26"]
[Round "8.6"]
[White "Hegeler, Anja"]
[Black "Paulsen, Dirk"]
[Result "0-1"]
[WhiteElo "2270"]
[BlackElo "2330"]
[PlyCount "78"]
[EventDate "1999.10.10"]
[EventType "team-tourn"]
[EventRounds "9"]
[EventCountry "GER"]
[SourceTitle "CBM 075 Extra"]
[Source "ChessBase"]
[SourceDate "2000.05.11"]
[SourceVersion "2"]
[SourceVersionDate "2000.05.11"]
[SourceQuality "1"]
[WhiteTeam "Hamburger SK II"]
[BlackTeam "Koenig Tegel"]
[WhiteTeamCountry "GER"]
[BlackTeamCountry "GER"]

1. e4 g6 2. d4 Nf6 3. Nc3 d5 4. e5 Ne4 5. Qf3 Bf5 6. Bd3 Nxc3 7. Bxf5 gxf5 8. Qxc3 e6 9. Nh3 b6 10. Bg5 Qc8 11. Nf4 Rg8 12. h4 c5 13. Nh5 Nd7 14. 0-0-0 cxd4 15. Qxd4 Qa6 16. Kb1 Rc8 17. Rh3 Qe2 18. Nf6+ Nxf6 19. Rd2 Qe1+ 20. Rd1 Qe4 21. Rc3 Rc5 22. exf6 Qxd4 23. Rxd4 h6 24. Be3 Rxg2 25. a3 Rxc3 26. bxc3 Bc5 27. Ra4 Bxe3 28. Rxa7 Bf4 29. Ra8+ Kd7 30. Rf8 e5 31. Rxf7+ Ke6 32. Rb7 Kxf6 33. Rxb6+ Ke7 34. a4 Rxf2 35. a5 e4 36. a6 e3 37. a7 e2 38. Rb7+ Kd6 39. Rb6+ Kc7 0-1

[Event "BL 9900 (Women)"]
[Site "Germany"]
[Date "2000.03.05"]
[Round "9.3"]
[White "Hegeler, Anja"]
[Black "Krupkova, Petra"]
[Result "1/2-1/2"]
[WhiteElo "2060"]
[BlackElo "2334"]
[PlyCount "48"]
[EventDate "1999.10.16"]
[EventType "team-tourn"]
[EventRounds "11"]
[EventCountry "GER"]
[SourceTitle "CBM 075 Extra"]
[Source "ChessBase"]
[SourceDate "2000.05.11"]
[SourceVersion "2"]
[SourceVersionDate "2000.05.11"]
[SourceQuality "1"]
[WhiteTeam "Hamburger SK"]
[BlackTeam "Dresden SC (W)"]
[WhiteTeamCountry "GER"]
[BlackTeamCountry "GER"]

1. e4 c5 2. Nf3 d6 3. d4 cxd4 4. Nxd4 Nf6 5. Nc3 a6 6. f4 e6 7. Qf3 Qb6 8. Nb3 Qc7 9. Bd3 b5 10. a3 Bb7 11. 0-0 Nbd7 12. Kh1 Be7 13. Qh3 Nc5 14. Nxc5 dxc5 15. e5 Nd7 16. Be3 c4 17. Be4 Bxe4 18. Nxe4 Nc5 19. Nxc5 Bxc5 20. Bxc5 Qxc5 21. Rad1 0-0 22. Qf3 b4 23. Rd6 a5 24. Rfd1 Rac8 1/2-1/2